Normal view
MARC view
- حاسبات الكترونية- حماية
Entry Topical Term
001 - CONTROL NUMBER
- control field: 30249
003 - CONTROL NUMBER IDENTIFIER
- control field: JO-AjAnu
005 - DATE AND TIME OF LATEST TRANSACTION
- control field: 20230606075115.0
008 - FIXED-LENGTH DATA ELEMENTS
- fixed length control field: 230606|| aca||aabn | a|a d
040 ## - CATALOGING SOURCE
- Original cataloging agency: JO-AjAnu
- Transcribing agency: JO-AjAnu
150 ## - HEADING--TOPICAL TERM
- Topical term or geographic name entry element: حاسبات الكترونية- حماية
670 ## - SOURCE DATA FOUND
- Source citation: Work cat.: (JO-AjAnu)15536: احمد ، عوض حاج احمد, author 30248, امنية المعلومات وتقنيات التشفير